| 000 | 00449nam a2200145 a 4500 | ||
|---|---|---|---|
| 001 | 000029973 | ||
| 005 | 20200930055942.0 | ||
| 008 | 110428s1984 dr a 000 0 spa d | ||
| 040 |
_aDO-SdBNP _bspa _cBNPHU |
||
| 100 | 1 |
_aEstévez Montás, Roger _956703 |
|
| 245 | 1 | 0 |
_aReglas de tamubo / _cRoger Estéves Montás. |
| 260 |
_aSanto Domingo : _bSecretaría Administrativa de la Presidencia, _c1984. |
||
| 300 |
_a52 p. : _bil. ; _c21 cm. |
||
| 049 | _aBNPD | ||
| 999 |
_c29465 _d29465 |
||